000
00287nam a2200121 i 4500
001
bg
245
0
_a
Teorija funkcji funcional'nyj analiz i ich prilożenija.
260
_a
Charkov,
_c
1974.
040
_c
BPK
041
_a
pol
942
_c
KS
008
s pl f |000 0 pol
999
_c
26599
_d
26599